Minecraft de A à Z - Statistiques

Statistiques générales
  • Ce quiz a été pris 1 291 fois
  • Le résultat moyen est 15 sur 22
Statistiques - réponses
Lettres Description Réponse % Correct
C Créature verte explosant au moindre contact Creeper
98%
E Dimension du jeu contenant un dragon que tout le monde connaît Ender
97%
B Région d’un monde contenant différentes caractéristiques géographiques Biome
85%
D Créature existant dans la vraie vie pouvant mener le joueur vers des ruines sous-marines et autres trésors Dauphin
83%
A Mode de jeu permettant seulement d’interagir avec les créatures et non avec les blocs et objets Aventure
82%
O Bloc très solide composant les portails du Nether Obsidienne
81%
T Bloc rouge et explosif avec son nom dessus TNT
81%
L Pierre semi-précieuse nécessaire pour utiliser une table d’enchantement Lapis-lazuli
79%
P Bloc capable de tirer ou de pousser les blocs Piston
79%
Z Créature hostile verte et courante Zombie
79%
V Créature vivant dans les villages (vous avez trouvé j’espère.) Villageois
78%
Q Minerai trouvable dans le Nether utilisé pour construire des capteurs de lumière Quartz
77%
W Deuxième boss du jeu à trois têtes qu’il faut invoquer Wither
74%
J Bloc permettant de faire de la musique avec un disque Jukebox
66%
M Arme récente permettant de tuer n’importe quelle créature en un seul coup Masse d’armes
64%
R Bloc utilisé en redstone pour retarder la propagation du signal Répéteur de redstone
61%
F Structures générée sous terre contenant un portail de l’Ender Fort
58%
G Créature invocable avec une citrouille sur la tête Golem de neige
55%
H Créature du Nether représentant une des rares sources de nourriture dans le Nether Hoglin
54%
N Type de neige dangereuse: il est possible de tomber dedans Neige poudreuse
48%
I Groupe de créatures hostiles détestant tout particulièrement les villageois Illageois
30%
S Objet de stockage pouvant être coloré Sac
29%
Aucun quiz correspondant
Distribution des résultats
% des personnes avec chaque résultat
Percentile par nombre de réponses
Votre historique - résultats
Vous n’avez pas pris ce quiz